000 005090000a22001810004500
003 MACL
005 20160305134243.0
008 160305b xxu||||| |||| 00| 0 eng d
040 _aMACL
_cMACL
041 _aHindi
082 _a891.432
100 _aवर्मा रामकुमार
_941290
245 _aबहुरंगी नाटक
260 _bसहित्‍य भवन
_c1982
_aइलाहाबाद
350 _a12
650 _aDrama
_943074
942 _cHIN
_k891.432
_2ddc
999 _c28014
_d28014